|
|
|
|
| LEADER |
00000nam0a2200000 4500 |
| 001 |
78917 |
| 005 |
20231031094111.0 |
| 035 |
|
|
|a (RuTPU)RU\TPU\book\84750
|
| 090 |
|
|
|a 78917
|
| 100 |
|
|
|a 20050706d2004 k y0rusy50 ca
|
| 101 |
0 |
|
|a rus
|
| 102 |
|
|
|a RU
|
| 105 |
|
|
|a a dm 001zy
|
| 200 |
1 |
|
|a Математические модели и методы расчета магнитных силовых систем
|e автореферат диссертации на соискание ученой степени кандидата технических наук
|e Спец. 05.13.18
|f А. Ю. Кивокурцев
|g Саратовский государственный технический университет; науч. рук. А. А. Артеменко
|
| 210 |
|
|
|a Саратов
|c [Б. и.]
|d 2004
|
| 215 |
|
|
|a 18 с.
|c ил.
|
| 300 |
|
|
|a Защита сост. 29.12.2004 г.
|
| 320 |
|
|
|a Библиогр.: с. 17-18 (13 назв.)
|
| 610 |
1 |
|
|a магнитные силовые системы
|
| 610 |
1 |
|
|a постоянные магниты
|
| 610 |
1 |
|
|a изготовление
|
| 610 |
1 |
|
|a математические модели
|
| 610 |
1 |
|
|a расчет
|
| 610 |
1 |
|
|a моделирование
|
| 610 |
1 |
|
|a конструкции
|
| 610 |
1 |
|
|a токовые модели
|
| 610 |
1 |
|
|a зарядные модели
|
| 610 |
1 |
|
|a авторефераты диссертаций
|
| 675 |
|
|
|a 621.318.2(04)
|v 3
|
| 686 |
|
|
|a 05.13.18
|2 oksvnk
|
| 700 |
|
1 |
|a Кивокурцев
|b А. Ю.
|g Александр Юрьевич
|
| 702 |
|
1 |
|a Артеменко
|b А. А.
|g Александр Александрович
|4 727
|
| 712 |
0 |
2 |
|a Саратовский государственный технический университет
|2 stltpush
|3 (RuTPU)RU\TPU\col\95
|
| 801 |
|
1 |
|a RU
|b 63413507
|c 20050706
|g PSBO
|
| 801 |
|
2 |
|a RU
|b 63413507
|c 20050902
|g PSBO
|
| 942 |
|
|
|c BK
|